00361nam a2200145Ia 4500008004100000020001500041041001200056082001100068100001300079245005300092260004200145300000800187650000700195700001300202221030s9999 xx 000 0 und d a9380027326 aEnglish a105.23 aL. Arora 0aC # Using . Net Frameworkcby L. Arora, A. Arora bS. K. Kataria & SonsaNew Delhic2009 a487 aIT aA. Arora